<?xml version="1.0" encoding="UTF-8"?>
<record
    xmlns:xsi="http://www.w3.org/2001/XMLSchema-instance"
    xsi:schemaLocation="http://www.loc.gov/MARC21/slim http://www.loc.gov/standards/marcxml/schema/MARC21slim.xsd"
    xmlns="http://www.loc.gov/MARC21/slim">

  <leader>00507nam a2200181   4500</leader>
  <controlfield tag="003">SEACOMEC</controlfield>
  <controlfield tag="005">20240522124718.0</controlfield>
  <controlfield tag="008">240522b        |||||||| |||| 00| 0 eng d</controlfield>
  <datafield tag="020" ind1=" " ind2=" ">
    <subfield code="a"> 9780070702400</subfield>
    <subfield code="c">Rs.313.00</subfield>
  </datafield>
  <datafield tag="040" ind1=" " ind2=" ">
    <subfield code="a">SEACOMEC</subfield>
  </datafield>
  <datafield tag="082" ind1=" " ind2=" ">
    <subfield code="a">530.141</subfield>
    <subfield code="b">K91</subfield>
  </datafield>
  <datafield tag="100" ind1=" " ind2=" ">
    <subfield code="a"> Kraus, John Daniel</subfield>
  </datafield>
  <datafield tag="245" ind1="1" ind2=" ">
    <subfield code="a">Electromagnetics : with applications</subfield>
    <subfield code="c">John D. Kraus, Daniel A. Fleisch</subfield>
  </datafield>
  <datafield tag="250" ind1=" " ind2=" ">
    <subfield code="a">5th ed.</subfield>
  </datafield>
  <datafield tag="260" ind1=" " ind2=" ">
    <subfield code="a"> Boston </subfield>
    <subfield code="b">McGraw-Hill</subfield>
    <subfield code="c">1999.</subfield>
  </datafield>
  <datafield tag="650" ind1=" " ind2=" ">
    <subfield code="a">Electricity &amp; electronics</subfield>
  </datafield>
  <datafield tag="942" ind1=" " ind2=" ">
    <subfield code="c">BOOK</subfield>
  </datafield>
  <datafield tag="952" ind1=" " ind2=" ">
    <subfield code="0">0</subfield>
    <subfield code="1">0</subfield>
    <subfield code="2">ddc</subfield>
    <subfield code="4">0</subfield>
    <subfield code="7">0</subfield>
    <subfield code="a">SEACOMEC</subfield>
    <subfield code="b">SEACOMEC</subfield>
    <subfield code="d">2008-01-18</subfield>
    <subfield code="l">0</subfield>
    <subfield code="o">530.141 K91</subfield>
    <subfield code="p">9023</subfield>
    <subfield code="r">2024-05-22 11:58:39</subfield>
    <subfield code="w">2024-05-22</subfield>
    <subfield code="y">BOOK</subfield>
  </datafield>
  <datafield tag="952" ind1=" " ind2=" ">
    <subfield code="0">0</subfield>
    <subfield code="1">0</subfield>
    <subfield code="2">ddc</subfield>
    <subfield code="4">0</subfield>
    <subfield code="7">0</subfield>
    <subfield code="a">SEACOMEC</subfield>
    <subfield code="b">SEACOMEC</subfield>
    <subfield code="d">2008-01-18</subfield>
    <subfield code="l">0</subfield>
    <subfield code="o">530.141 K91</subfield>
    <subfield code="p">9024</subfield>
    <subfield code="r">2024-05-22 11:59:13</subfield>
    <subfield code="t">1</subfield>
    <subfield code="w">2024-05-22</subfield>
    <subfield code="y">BOOK</subfield>
  </datafield>
  <datafield tag="952" ind1=" " ind2=" ">
    <subfield code="0">0</subfield>
    <subfield code="1">0</subfield>
    <subfield code="2">ddc</subfield>
    <subfield code="4">0</subfield>
    <subfield code="7">0</subfield>
    <subfield code="a">SEACOMEC</subfield>
    <subfield code="b">SEACOMEC</subfield>
    <subfield code="d">2008-01-18</subfield>
    <subfield code="l">0</subfield>
    <subfield code="o">530.141 K91</subfield>
    <subfield code="p">9025</subfield>
    <subfield code="r">2024-05-22 11:59:13</subfield>
    <subfield code="t">2</subfield>
    <subfield code="w">2024-05-22</subfield>
    <subfield code="y">BOOK</subfield>
  </datafield>
  <datafield tag="952" ind1=" " ind2=" ">
    <subfield code="0">0</subfield>
    <subfield code="1">0</subfield>
    <subfield code="2">ddc</subfield>
    <subfield code="4">0</subfield>
    <subfield code="7">0</subfield>
    <subfield code="a">SEACOMEC</subfield>
    <subfield code="b">SEACOMEC</subfield>
    <subfield code="d">2008-01-18</subfield>
    <subfield code="l">0</subfield>
    <subfield code="o">530.141 K91</subfield>
    <subfield code="p">9026</subfield>
    <subfield code="r">2024-05-22 11:59:13</subfield>
    <subfield code="t">3</subfield>
    <subfield code="w">2024-05-22</subfield>
    <subfield code="y">BOOK</subfield>
  </datafield>
  <datafield tag="952" ind1=" " ind2=" ">
    <subfield code="0">0</subfield>
    <subfield code="1">0</subfield>
    <subfield code="2">ddc</subfield>
    <subfield code="4">0</subfield>
    <subfield code="7">0</subfield>
    <subfield code="a">SEACOMEC</subfield>
    <subfield code="b">SEACOMEC</subfield>
    <subfield code="d">2008-01-18</subfield>
    <subfield code="l">0</subfield>
    <subfield code="o">530.141 K91</subfield>
    <subfield code="p">9027</subfield>
    <subfield code="r">2024-05-22 11:59:13</subfield>
    <subfield code="t">4</subfield>
    <subfield code="w">2024-05-22</subfield>
    <subfield code="y">BOOK</subfield>
  </datafield>
  <datafield tag="952" ind1=" " ind2=" ">
    <subfield code="0">0</subfield>
    <subfield code="1">0</subfield>
    <subfield code="2">ddc</subfield>
    <subfield code="4">0</subfield>
    <subfield code="7">0</subfield>
    <subfield code="a">SEACOMEC</subfield>
    <subfield code="b">SEACOMEC</subfield>
    <subfield code="d">2008-01-18</subfield>
    <subfield code="l">0</subfield>
    <subfield code="o">530.141 K91</subfield>
    <subfield code="p">9028</subfield>
    <subfield code="r">2024-05-22 11:59:13</subfield>
    <subfield code="t">5</subfield>
    <subfield code="w">2024-05-22</subfield>
    <subfield code="y">BOOK</subfield>
  </datafield>
  <datafield tag="952" ind1=" " ind2=" ">
    <subfield code="0">0</subfield>
    <subfield code="1">0</subfield>
    <subfield code="2">ddc</subfield>
    <subfield code="4">0</subfield>
    <subfield code="7">0</subfield>
    <subfield code="a">SEACOMEC</subfield>
    <subfield code="b">SEACOMEC</subfield>
    <subfield code="d">2008-01-18</subfield>
    <subfield code="l">0</subfield>
    <subfield code="o">530.141 K91</subfield>
    <subfield code="p">9029</subfield>
    <subfield code="r">2024-05-22 11:59:13</subfield>
    <subfield code="t">6</subfield>
    <subfield code="w">2024-05-22</subfield>
    <subfield code="y">BOOK</subfield>
  </datafield>
  <datafield tag="952" ind1=" " ind2=" ">
    <subfield code="0">0</subfield>
    <subfield code="1">0</subfield>
    <subfield code="2">ddc</subfield>
    <subfield code="4">0</subfield>
    <subfield code="7">0</subfield>
    <subfield code="a">SEACOMEC</subfield>
    <subfield code="b">SEACOMEC</subfield>
    <subfield code="d">2008-01-18</subfield>
    <subfield code="l">0</subfield>
    <subfield code="o">530.141 K91</subfield>
    <subfield code="p">9030</subfield>
    <subfield code="r">2024-05-22 11:59:13</subfield>
    <subfield code="t">7</subfield>
    <subfield code="w">2024-05-22</subfield>
    <subfield code="y">BOOK</subfield>
  </datafield>
  <datafield tag="952" ind1=" " ind2=" ">
    <subfield code="0">0</subfield>
    <subfield code="1">0</subfield>
    <subfield code="2">ddc</subfield>
    <subfield code="4">0</subfield>
    <subfield code="7">0</subfield>
    <subfield code="a">SEACOMEC</subfield>
    <subfield code="b">SEACOMEC</subfield>
    <subfield code="d">2008-01-18</subfield>
    <subfield code="l">0</subfield>
    <subfield code="o">530.141 K91</subfield>
    <subfield code="p">9031</subfield>
    <subfield code="r">2024-05-22 11:59:13</subfield>
    <subfield code="t">8</subfield>
    <subfield code="w">2024-05-22</subfield>
    <subfield code="y">BOOK</subfield>
  </datafield>
  <datafield tag="952" ind1=" " ind2=" ">
    <subfield code="0">0</subfield>
    <subfield code="1">0</subfield>
    <subfield code="2">ddc</subfield>
    <subfield code="4">0</subfield>
    <subfield code="7">0</subfield>
    <subfield code="a">SEACOMEC</subfield>
    <subfield code="b">SEACOMEC</subfield>
    <subfield code="d">2008-01-18</subfield>
    <subfield code="l">0</subfield>
    <subfield code="o">530.141 K91</subfield>
    <subfield code="p">9032</subfield>
    <subfield code="r">2024-05-22 11:59:13</subfield>
    <subfield code="t">9</subfield>
    <subfield code="w">2024-05-22</subfield>
    <subfield code="y">BOOK</subfield>
  </datafield>
  <datafield tag="999" ind1=" " ind2=" ">
    <subfield code="c">1169</subfield>
    <subfield code="d">1169</subfield>
  </datafield>
</record>
